Buteurs en Equipe de France en 2024 - Statistiques

Statistiques générales
  • Ce quiz a été pris 106 fois
  • Le résultat moyen est 10 sur 11
Statistiques - réponses
Nombre de buts Poste Club(s) Joueurs % Correct
2 ATT Paris Saint-Germain / Real Madrid Kylian Mbappé
100%
1 ATT Paris Saint-Germain Ousmane Dembélé
99%
1 MIL Real Madrid Eduardo Camavinga
98%
2 MIL Juventus / Olympique de Marseille Adrien Rabiot
97%
2 ATT Paris Saint-Germain Bradley Barcola
95%
1 ATT AC Milan Olivier Giroud
89%
1 DEF Olympique de Marseille / OGC Nice Jonathan Clauss
86%
6 ATT Paris Saint-Germain Randal Kolo Muani
86%
1 ATT Chelsea Christopher Nkunku
83%
1 MIL Lazio Mattéo Guendouzi
83%
1 MIL AS Monaco Youssouf Fofana
65%
Aucun quiz correspondant
Distribution des résultats
% des personnes avec chaque résultat
Percentile par nombre de réponses
Votre historique - résultats
Vous n’avez pas pris ce quiz